[Event "Blindfold World Cup"]
[Site "Bilbao ESP"]
[Date "2007.10.18"]
[Round "5"]
[White "Harikrishna, P."]
[Black "Polgar, Ju"]
[Result "0-1"]
[WhiteElo "2668"]
[BlackElo "2708"]
[PlyCount "72"]
[EventDate "2007.10.16"]
[Source "www.chesslib.no"]
[SourceDate "2004.05.04"]

1. d4 Nf6 2. c4 e6 3. Nc3 Bb4 4. Bg5 c5 5. d5 O-O 6. e3 h6 7. Bh4 b5 8. dxe6 fxe6 9. cxb5 a6 10. Bd3 axb5 11. Nge2 Bb7 12. O-O c4 13. Bc2 Qb6 14. a3 Bc5 15. Bxf6 Rxf6 16. Ng3 d5 17. Kh1 Nd7 18. b4 cxb3 19. Bxb3 Rxa3 20. Rb1 Qc6 21. e4 d4 22. Nxb5 Ba6 23. Nxa3 Bxf1 24. Qxf1 Bxa3 25. f4 Nc5 26. Bc2 Rf8 27. e5 Qd5 28. Rd1 Bb2 29. Qb5 Bc3 30. Ne2 Ne4 31. Qxd5 exd5 32. Kg1 Bd2 33. g3 Be3+ 34. Kg2 Rb8 35. Bb3 Rxb3 36. Nxd4 Rb2+ 0-1

[Event "Stepanakert ARM, Petrosian Mem (A) 2005"]
[Site "?"]
[Date "2005.10.06"]
[Round "5"]
[White "Ivanchuk Vassily"]
[Black "Anastasian Ashot"]
[Result "1/2-1/2"]
[WhiteElo "2752"]
[BlackElo "2595"]
[PlyCount "39"]
[EventDate "2005.??.??"]
[Source "www.chesslib.no"]
[SourceDate "2004.05.04"]

1. d4 Nf6 2. c4 e6 3. Nc3 Bb4 4. Nf3 O-O 5. Bg5 h6 6. Bh4 c5 7. e3 Bxc3+ 8. bxc3 d6 9. Bd3 Qe7 10. Nd2 e5 11. d5 g5 12. Bg3 e4 13. Bc2 Bf5 14. Qb1 Bg6 15. O-O Kg7 16. a4 b6 17. a5 Nbd7 18. Ba4 Rab8 19. Qd1 Ne5 20. Bc2 1/2-1/2

[Event "EU-chT (Men)"]
[Site "Pula"]
[Date "1997.??.??"]
[Round "3"]
[White "Short, Nigel D"]
[Black "Aleksandrov, Aleksej"]
[Result "0-1"]
[WhiteElo "2690"]
[BlackElo "2615"]
[PlyCount "138"]
[EventDate "1997.05.05"]
[Source "ChessBase"]

1. d4 Nf6 2. c4 e6 3. Nc3 Bb4 4. Bg5 c5 5. d5 h6 6. Bh4 O-O 7. e3 b5 8. dxe6 fxe6 9. cxb5 d5 10. Bd3 a6 11. Nge2 c4 12. Bc2 axb5 13. O-O Nc6 14. Nxb5 e5 15. b3 Bg4 16. h3 Bh5 17. Bxf6 Rxf6 18. bxc4 dxc4 19. Qxd8+ Nxd8 20. Nec3 Rb6 21. a4 Bxc3 22. Nxc3 Rb2 23. Rfc1 Nc6 24. Be4 Ra6 25. Bxc6 Rxc6 26. Ra2 Rxa2 27. Nxa2 Bf7 28. Nc3 Rb6 29. Kf1 Kf8 30. Ke1 Rb2 31. Ra1 Rb3 32. Nd1 Ke7 33. a5 c3 34. Rc1 Ra3 35. Rxc3 Rxa5 36. Rc7+ Kf8 37. Nc3 Ra1+ 38. Ke2 Ra5 39. Kf3 Bh5+ 40. g4 Bg6 41. Ne4 Bf7 42. Nd6 Bd5+ 43. Kg3 Be6 44. Nb7 Rb5 45. Nc5 Bf7 46. h4 Ke8 47. Ne4 Rd5 48. g5 h5 49. Rc5 Rxc5 50. Nxc5 Ke7 51. f4 exf4+ 52. Kxf4 Kd6 53. Ne4+ Kd5 54. Ng3 g6 55. Ne4 Be6 56. Nd2 Bd7 57. e4+ Ke6 58. Ke3 Ba4 59. Kd4 Bd1 60. Nc4 Ba4 61. Ne3 Kd6 62. Nd5 Bc6 63. Nf4 Be8 64. e5+ Kc6 65. Nd5 Bf7 66. Nb4+ Kd7 67. Nd3 Ba2 68. Nf4 Bb1 69. Kd5 Ba2+ 0-1

[Event "Garmisch"]
[Site "Garmisch"]
[Date "1994.??.??"]
[Round "5"]
[White "Jussupow, Artur"]
[Black "Adams, Michael"]
[Result "1/2-1/2"]
[WhiteElo "2655"]
[BlackElo "2640"]
[PlyCount "101"]
[EventDate "1994.??.??"]
[Source "ChessBase"]

1. d4 Nf6 2. c4 e6 3. Nc3 Bb4 4. Bg5 h6 5. Bh4 b6 6. f3 c5 7. d5 d6 8. Rc1 e5 9. a3 Bxc3+ 10. Rxc3 Nbd7 11. e4 Nf8 12. Bf2 Ng6 13. g3 Nh7 14. Bd3 O-O 15. Qb1 Ne7 16. g4 Ng6 17. h4 Nf4 18. Ne2 Nxd3+ 19. Qxd3 Bd7 20. Ng3 b5 21. cxb5 Rb8 22. Nf5 Bxf5 23. gxf5 a6 24. Be3 Rxb5 25. Rh2 Nf6 26. Kd1 Kh7 27. Bg5 Qb6 28. Kc1 Rb8 29. Qd2 Rb3 30. Bxf6 gxf6 31. Rg2 Rxc3+ 32. Qxc3 Qb5 33. Qe1 Qc4+ 34. Kb1 Qd3+ 35. Ka1 Qxf3 36. Rg3 Qf4 37. h5 Rg8 38. Rxg8 Kxg8 39. Qe2 Qc1+ 40. Ka2 c4 41. Qg2+ Kh7 42. Qf3 Qc2 43. Qe3 Kg7 44. Qg3+ Kf8 45. Qe3 Kg7 46. Qg3+ Kh7 47. Qe3 a5 48. Qa7 Kg7 49. Qg1+ Kf8 50. Qe3 Kg7 51. Qg1+ 1/2-1/2

[Event "Madrid"]
[Site "?"]
[Date "1995.??.??"]
[Round "?"]
[White "Yusupov, A."]
[Black "Kortchnoi, V."]
[Result "1/2-1/2"]
[WhiteElo "2660"]
[BlackElo "2635"]
[PlyCount "118"]
[EventDate "1995.??.??"]
[Source "ChessBase"]
[SourceDate "1995.06.01"]

1. d4 Nf6 2. c4 e6 3. Nc3 Bb4 4. Bg5 c5 5. d5 d6 6. e3 exd5 7. cxd5 Nbd7 8. Bd3 Qa5 9. Nge2 Nxd5 10. O-O Bxc3 11. bxc3 c4 12. Bc2 O-O 13. Ng3 h6 14. Bxh6 N7f6 15. e4 gxh6 16. exd5 Qxd5 17. Ne4 Kg7 18. Qf3 Qe5 19. Nxf6 Qxf6 20. Qe4 Rg8 21. Rad1 Kf8 22. Rfe1 Bg4 23. Qd4 Qxd4 24. Rxd4 Bf3 25. g3 Rd8 26. Rxc4 Kg7 27. Rf4 Bd5 28. Bb3 Bxb3 29. axb3 Rge8 30. Rxe8 Rxe8 31. Kf1 Re5 32. Rd4 Rc5 33. c4 Rc6 34. Ke2 Rb6 35. Rd3 Kf6 36. Kd2 Ke6 37. Kc3 Ra6 38. Re3+ Kf6 39. Rf3+ Ke6 40. Re3+ Kf6 41. Rf3+ Ke6 42. g4 Ra2 43. Kd4 Rb2 44. Ke4 a5 45. Rh3 Re2+ 46. Kf3 Rb2 47. Ke4 Re2+ 48. Kd3 Rxf2 49. Rxh6+ Kd7 50. Rh5 Rf3+ 51. Kc2 a4 52. bxa4 Rf4 53. Kd3 Rxg4 54. Rf5 Rh4 55. Rxf7+ Kc6 56. Rf2 Kc5 57. Rf5+ Kc6 58. Rf2 Kc5 59. Rf5+ Kc6 1/2-1/2

[Event "Groningen Festival"]
[Site "Groningen"]
[Date "1998.12.28"]
[Round "8"]
[White "Milov, Vadim"]
[Black "Almasi, Zoltan"]
[Result "1/2-1/2"]
[WhiteElo "2640"]
[BlackElo "2650"]
[PlyCount "111"]
[EventDate "1998.12.20"]
[Source "ChessBase"]
[SourceDate "1999.04.01"]

1. d4 Nf6 2. c4 e6 3. Nc3 Bb4 4. Bg5 c5 5. d5 d6 6. e3 Bxc3+ 7. bxc3 Qe7 8. Nf3 Nbd7 9. Be2 h6 10. Bh4 e5 11. Nd2 e4 12. Qb1 O-O 13. O-O Re8 14. Kh1 g5 15. Bg3 Kg7 16. f4 exf3 17. Rxf3 Ne5 18. Rf1 Bg4 19. Qd1 Bxe2 20. Qxe2 Neg4 21. Rf3 Nh5 22. Bf2 Qd7 23. Rf1 Ne5 24. Rh3 Nf6 25. e4 Ng6 26. Re3 Ng4 27. Rf3 N4e5 28. Rf5 Nf4 29. Qd1 Neg6 30. Bg3 Rxe4 31. Rxf7+ Qxf7 32. Nxe4 Qd7 33. Bxf4 gxf4 34. g3 Re8 35. Qf3 Qe7 36. Re1 Rf8 37. Qf2 Qd7 38. gxf4 Rxf4 39. Qg3 Qf5 40. Nxd6 Qf8 41. Re6 Rg4 42. Ne8+ Kh8 43. Rf6 Qxf6 44. Nxf6 Rxg3 45. hxg3 Ne5 46. d6 Kg7 47. d7 Nc6 48. Ne8+ Kg6 49. Kg2 Nd8 50. Kh3 Kf7 51. Kg4 Ke6 52. Kh5 Kxd7 53. Nf6+ Ke6 54. Ne4 b6 55. Kxh6 Kf5 56. Nd6+ 1/2-1/2

[Event "Madrid"]
[Site "Madrid"]
[Date "1995.??.??"]
[Round "6"]
[White "Beliavsky, Alexander G"]
[Black "Epishin, Vladimir"]
[Result "1/2-1/2"]
[WhiteElo "2650"]
[BlackElo "2635"]
[PlyCount "81"]
[EventDate "1995.05.??"]
[Source "ChessBase"]

1. d4 Nf6 2. c4 e6 3. Nc3 Bb4 4. Bg5 c5 5. d5 d6 6. e3 Bxc3+ 7. bxc3 Qe7 8. Ne2 Nbd7 9. f3 h6 10. Bf4 exd5 11. e4 g5 12. Bg3 dxe4 13. Qxd6 Nb6 14. h4 g4 15. Qxe7+ Kxe7 16. Bf2 Na4 17. Nf4 exf3 18. gxf3 gxf3 19. Nd5+ Nxd5 20. cxd5 Nxc3 21. Bxc5+ Kd8 22. Bd4 Re8+ 23. Kf2 Ne4+ 24. Kxf3 Nd2+ 25. Kg3 Rg8+ 26. Kf4 Rg4+ 27. Ke3 Nxf1+ 28. Raxf1 f5 29. Rhg1 f4+ 30. Ke4 h5 31. Rxg4 Bxg4 32. Rxf4 Ke8 33. Ke5 b6 34. Bb2 Rc8 35. Ba3 Rc2 36. Rf8+ Kd7 37. Rf7+ Kc8 38. Rf8+ Kb7 39. Rf7+ Kc8 40. Rf8+ Kb7 41. Rf7+ 1/2-1/2

[Event "Hilversum (m6)"]
[Site "?"]
[Date "1986.??.??"]
[Round "?"]
[White "Timman, J."]
[Black "Yusupov, A."]
[Result "1/2-1/2"]
[WhiteElo "2620"]
[BlackElo "2660"]
[PlyCount "85"]
[EventDate "1986.??.??"]
[Source "ChessBase"]
[SourceDate "1986.07.01"]

1. d4 Nf6 2. c4 e6 3. Nc3 Bb4 4. Bg5 h6 5. Bh4 c5 6. d5 b5 7. e3 O-O 8. Qf3 Bb7 9. Bxf6 Qxf6 10. Qxf6 gxf6 11. O-O-O Bxc3 12. bxc3 Rc8 13. Ne2 bxc4 14. Nf4 Kf8 15. e4 Na6 16. Bxc4 Nc7 17. Rhe1 Ne8 18. Re3 Nd6 19. Bd3 e5 20. Nh5 Ke7 21. Rf3 c4 22. Bc2 Rg8 23. Rxf6 Rxg2 24. f4 Rxh2 25. Rxh6 f6 26. Rh7+ Kd8 27. f5 Kc7 28. Nxf6 Rxh7 29. Nxh7 Rg8 30. Nf6 Rg3 31. Kb2 Rg2 32. Rh1 Bc8 33. Rh4 Nb7 34. Ne8+ Kd8 35. Rh8 Ke7 36. Kc1 Rg1+ 37. Kb2 Rg2 38. a4 d6 39. Nc7 Nc5 40. Rh7+ Kf8 41. Rh8+ Ke7 42. Rh7+ Kf8 43. Rh8+ 1/2-1/2

[Event "World Open"]
[Site "Philadelphia, PA USA"]
[Date "1994.??.??"]
[Round "?"]
[White "Yermolinsky, Alex"]
[Black "Vaganian, Rafael A"]
[Result "0-1"]
[WhiteElo "2620"]
[BlackElo "2625"]
[PlyCount "82"]
[EventDate "1994.06.??"]
[Source "www.chesslib.no"]
[SourceDate "2004.05.04"]

1. d4 Nf6 2. c4 e6 3. Nc3 Bb4 4. Bg5 c5 5. d5 Bxc3+ 6. bxc3 d6 7. f3 Qe7 8. e4 Nbd7 9. Bd3 exd5 10. cxd5 Qe5 11. Qd2 Nxd5 12. Ne2 f6 13. Bh4 Nc7 14. Rd1 Qe7 15. Bb1 Ne5 16. Qxd6 Qxd6 17. Rxd6 Nb5 18. Rd1 Na3 19. Bg3 Be6 20. Nf4 Bc4 21. Kf2 Nxb1 22. Rxb1 O-O-O 23. Rhd1 Bxa2 24. Ra1 Rxd1 25. Rxd1 Rd8 26. Nd5 Bxd5 27. Bxe5 fxe5 28. exd5 b5 29. Ke3 Kc7 30. Ra1 Kb6 31. Ke4 a5 32. Kxe5 b4 33. cxb4 Re8+ 34. Kd6 cxb4 35. Kd7 Re2 36. d6 b3 37. Ra3 b2 38. Rb3+ Kc5 39. Kc7 a4 40. Rb8 a3 41. d7 Rd2 0-1

[Event "PCA/Intel-GP"]
[Site "New York"]
[Date "1995.??.??"]
[Round "1"]
[White "Jussupow, Artur"]
[Black "Christiansen, Larry Mark"]
[Result "0-1"]
[WhiteElo "2660"]
[BlackElo "2570"]
[PlyCount "88"]
[EventDate "1995.06.??"]
[Source "ChessBase"]

1. d4 e6 2. c4 Nf6 3. Nc3 Bb4 4. Bg5 h6 5. Bh4 c5 6. d5 b5 7. e3 Bb7 8. dxe6 fxe6 9. cxb5 O-O 10. Nf3 Qe8 11. Bxf6 Rxf6 12. a3 Bxc3+ 13. bxc3 d5 14. Be2 Nd7 15. O-O e5 16. e4 d4 17. Nd2 Kh8 18. cxd4 cxd4 19. Rc1 Qd8 20. Bd3 a6 21. a4 axb5 22. Bxb5 Nf8 23. Qh5 Ng6 24. g3 Qe7 25. Rc4 Raf8 26. Qe2 Bc8 27. f3 Bh3 28. Rfc1 Qa3 29. Kh1 h5 30. R4c2 h4 31. Bc4 Qxa4 32. f4 Ne7 33. Qh5+ Rh6 34. Qg5 Qd7 35. Nf3 Ng6 36. f5 hxg3 37. Qxg3 Bxf5 38. exf5 Qxf5 39. Rg2 Qxf3 40. Qg5 d3 41. Rcg1 e4 42. Bd5 Rf5 43. Qd8+ Nf8 44. Bb7 Rxh2+ 0-1

[Event "Moscow RUS"]
[Site "?"]
[Date "2005.02.21"]
[Round "7"]
[White "Sasikiran Krishnan"]
[Black "Anastasian Ashot"]
[Result "1-0"]
[WhiteElo "2657"]
[BlackElo "2568"]
[PlyCount "71"]
[EventDate "2005.??.??"]
[Source "www.chesslib.no"]
[SourceDate "2004.05.04"]

1. d4 Nf6 2. c4 e6 3. Nc3 Bb4 4. Bg5 h6 5. Bh4 c5 6. d5 Bxc3+ 7. bxc3 e5 8. Qc2 d6 9. e3 Qe7 10. Nf3 Nbd7 11. Nd2 e4 12. Be2 g5 13. Bg3 Nf8 14. h4 Ng6 15. h5 Nf8 16. Bd1 Bd7 17. Rb1 b6 18. a4 N8h7 19. a5 bxa5 20. Rb7 O-O 21. Qb1 g4 22. Ba4 Rfd8 23. Bc6 Ng5 24. Ke2 a4 25. Bxa4 Qe8 26. Rxd7 Nxd7 27. Bxd6 f5 28. Qb7 Nf7 29. Bc7 Rdc8 30. Bg3 Rd8 31. Qa6 Nfe5 32. Qxh6 Qf7 33. Rb1 Re8 34. Rb7 Re7 35. Qd6 Rae8 36. Bxe5 1-0

[Event "PCA/Intel-GP"]
[Site "Paris"]
[Date "1994.??.??"]
[Round "1.3"]
[White "Milov, Vadim"]
[Black "Kortschnoj, Viktor"]
[Result "1-0"]
[WhiteElo "2590"]
[BlackElo "2615"]
[PlyCount "85"]
[EventDate "1994.11.??"]
[Source "ChessBase"]

1. d4 Nf6 2. c4 e6 3. Nc3 Bb4 4. Bg5 c5 5. d5 d6 6. f3 O-O 7. e4 Re8 8. Qd2 b5 9. a3 Bxc3 10. bxc3 h6 11. Bf4 Bb7 12. Be2 e5 13. Be3 bxc4 14. Bxc4 Ba6 15. Bxa6 Nxa6 16. Ne2 Rb8 17. O-O Nh7 18. Ng3 f6 19. Nf5 Ng5 20. Qf2 Kh7 21. Qg3 Rg8 22. Qg4 Nc7 23. f4 exf4 24. Bxf4 Ne8 25. Rae1 Rb7 26. Re3 Qd7 27. h4 Nf7 28. Qe2 g6 29. Ng3 g5 30. hxg5 fxg5 31. e5 gxf4 32. e6 Qb5 33. Qc2+ Kh8 34. exf7 Rxf7 35. Ref3 c4 36. Qe4 Qc5+ 37. Kh1 Rfg7 38. Qxf4 Qxd5 39. Nf5 Rh7 40. Re1 Nf6 41. Ne7 Qh5+ 42. Rh3 Nd5 43. Qd4+ 1-0

[Event "Moskva (GMA)"]
[Site "?"]
[Date "1990.??.??"]
[Round "?"]
[White "Bareev, E."]
[Black "Gelfand, B."]
[Result "1/2-1/2"]
[WhiteElo "2590"]
[BlackElo "2615"]
[PlyCount "46"]
[EventDate "1990.??.??"]
[Source "ChessBase"]
[SourceDate "1990.01.01"]

1. d4 Nf6 2. c4 e6 3. Nc3 Bb4 4. Bg5 h6 5. Bh4 c5 6. d5 b5 7. dxe6 fxe6 8. e4 O-O 9. e5 Qa5 10. Nge2 Ne4 11. Qc2 Bb7 12. f3 Nxc3 13. bxc3 Ba3 14. cxb5 a6 15. bxa6 Bxa6 16. Be7 Rf7 17. Bd6 Nc6 18. Rd1 Bb5 19. Rd2 c4 20. Qe4 Bxd6 21. exd6 Raf8 22. Qe3 Rf5 23. Ng3 Rd5 1/2-1/2

[Event "Open Aeroflot"]
[Site "Mosca RUS"]
[Date "2007.02.22"]
[Round "9"]
[White "Li Shilong"]
[Black "Harikrishna, P."]
[Result "1-0"]
[WhiteElo "2531"]
[BlackElo "2673"]
[PlyCount "51"]
[EventDate "2007.02.14"]
[Source "www.chesslib.no"]
[SourceDate "2004.05.04"]

1. d4 Nf6 2. c4 e6 3. Nc3 Bb4 4. Bg5 c5 5. d5 h6 6. Bh4 b5 7. dxe6 fxe6 8. cxb5 O-O 9. e3 a6 10. Bd3 axb5 11. Nge2 Bxc3+ 12. bxc3 Ba6 13. a4 bxa4 14. Rxa4 Bb7 15. Rxa8 Bxa8 16. O-O Qc7 17. Bxf6 Rxf6 18. Nf4 Nc6 19. Qa4 Bb7 20. Qe4 Kf8 21. Qh7 Ne5 22. Qh8+ Ke7 23. Qxg7+ Rf7 24. Qxh6 Nxd3 25. Nxd3 Ba6 26. Qg5+ 1-0

[Event "Hoogovens 5'"]
[Site "Wijk aan Zee"]
[Date "1999.01.18"]
[Round "13"]
[White "Yermolinsky, Alex"]
[Black "Kasimdzhanov, Rustam"]
[Result "0-1"]
[WhiteElo "2597"]
[BlackElo "2595"]
[PlyCount "84"]
[EventDate "1999.01.18"]
[Source "ChessBase"]
[SourceDate "1999.03.01"]

1. d4 Nf6 2. c4 e6 3. Nc3 Bb4 4. Bg5 h6 5. Bh4 b6 6. e3 Bb7 7. Nge2 O-O 8. a3 Be7 9. Bg3 d5 10. cxd5 exd5 11. Nf4 Nbd7 12. Bd3 Re8 13. O-O a5 14. Rc1 Nf8 15. Qc2 c6 16. Rfd1 Bd6 17. Nfe2 Bxg3 18. Nxg3 Ne6 19. Qb3 Rb8 20. Qc2 Qd6 21. Nf5 Qf8 22. Na4 Ba8 23. Qd2 g6 24. Ng3 h5 25. h3 Qd6 26. b4 axb4 27. Qxb4 c5 28. dxc5 bxc5 29. Qh4 Nd7 30. Nc3 Qe5 31. Bb5 Red8 32. Bxd7 Rxd7 33. Nce2 Ra7 34. Nf4 c4 35. Nxe6 Qxe6 36. Ne2 Rxa3 37. Nd4 Qe5 38. Ra1 Qd6 39. Rxa3 Qxa3 40. Qf6 Re8 41. e4 Rxe4 42. Rb1 Qf8 0-1

[Event "Mondariz zt 1.1"]
[Site "Mondariz"]
[Date "2000.09.13"]
[Round "10"]
[White "Parker, Jonathan"]
[Black "Lautier, Joel"]
[Result "0-1"]
[WhiteElo "2539"]
[BlackElo "2648"]
[PlyCount "76"]
[EventDate "2000.09.03"]
[Source "ChessBase"]
[SourceDate "2000.11.21"]

1. d4 Nf6 2. c4 e6 3. Nc3 Bb4 4. Bg5 c5 5. d5 d6 6. f3 h6 7. Bd2 exd5 8. cxd5 O-O 9. e4 Nh5 10. Nge2 f5 11. Qc2 fxe4 12. fxe4 Nd7 13. O-O-O Ne5 14. Kb1 Bd7 15. h3 Nc4 16. Bc1 Rf2 17. Qd3 Ne5 18. Qe3 Qf8 19. g4 Nc4 20. Qd3 Ne5 21. Qe3 Bxc3 22. gxh5 Ba5 23. Rg1 Kh7 24. Nf4 Rf3 25. Ng6 Qf6 26. Qe2 Rf2 27. Qe3 Rf3 28. Qe2 Re8 29. Nxe5 Rxe5 30. Rg6 Qf8 31. Qg2 Bxh3 32. Rxh6+ gxh6 33. Qg6+ Kh8 34. Bxh3 Rxh3 35. Bxh6 Qg8 36. Qf6+ Kh7 37. Bf4 Rexh5 38. Qxd6 Rh1 0-1

[Event "Metz"]
[Site "?"]
[Date "2005.04.23"]
[Round "8.1"]
[White "Bauer Christian"]
[Black "Cheparinov Ivan"]
[Result "1-0"]
[WhiteElo "2560"]
[BlackElo "2621"]
[PlyCount "123"]
[EventDate "2005.??.??"]
[Source "www.chesslib.no"]
[SourceDate "2004.05.04"]

1. d4 Nf6 2. c4 e6 3. Nc3 Bb4 4. Nf3 O-O 5. Bg5 h6 6. Bh4 c5 7. Rc1 cxd4 8. Nxd4 g5 9. Bg3 Ne4 10. Ndb5 f5 11. Bc7 Qe7 12. f3 a6 13. a3 axb5 14. axb4 Na6 15. Be5 d6 16. Bd4 Nxc3 17. Bxc3 bxc4 18. e4 fxe4 19. Bxc4 b5 20. Bb3 Bb7 21. Qd4 Kh7 22. Rd1 Rad8 23. O-O e5 24. Qa7 Rd7 25. fxe4 Bd5 26. Qxa6 Rxf1+ 27. Rxf1 Bxb3 28. Qxb5 Rc7 29. Qb8 Rb7 30. Qc8 Kg7 31. Qf5 Be6 32. Qf3 Qd8 33. Rd1 Qb6+ 34. Qf2 Qc6 35. Qg3 Kg6 36. h3 Rd7 37. Qd3 Qb6+ 38. Kh2 Qf2 39. Rf1 Qb6 40. Rf8 Rg7 41. Ra8 Qf2 42. Ra6 Qf4+ 43. Qg3 Qxe4 44. Rxd6 Kf5 45. Rd3 Kg6 46. Re3 Qf4 47. Rxe5 Qxg3+ 48. Kxg3 Bc8 49. Re8 Bb7 50. Re6+ Kh7 51. b5 Rd7 52. b6 h5 53. Kf2 Rf7+ 54. Kg1 Rd7 55. Be5 h4 56. b4 Rd1+ 57. Kh2 Rd7 58. b5 Rf7 59. Rc6 Rd7 60. Kg1 Rf7 61. Bc3 Bc8 62. Bd2 1-0

[Event "Goodricke 11th op"]
[Site "Calcutta"]
[Date "2000.02.10"]
[Round "5"]
[White "Sasikiran, Krishnan"]
[Black "Kortschnoj, Viktor"]
[Result "1/2-1/2"]
[WhiteElo "2514"]
[BlackElo "2659"]
[PlyCount "68"]
[EventDate "2000.02.05"]
[Source "ChessBase"]
[SourceDate "2000.03.10"]

1. d4 Nf6 2. c4 e6 3. Nc3 Bb4 4. Bg5 h6 5. Bh4 b6 6. e3 Bxc3+ 7. bxc3 Bb7 8. f3 d5 9. cxd5 Qxd5 10. Qb3 O-O 11. Bd3 Nbd7 12. Qxd5 Nxd5 13. Kd2 Rfe8 14. Ne2 e5 15. e4 N5f6 16. Rhd1 a5 17. Rab1 Ba6 18. Bb5 Bxb5 19. Rxb5 Nh7 20. Nc1 f6 21. Nd3 Ng5 22. dxe5 fxe5 23. Rd5 Re7 24. Kc2 Rae8 25. Nb2 Nf6 26. R5d2 g6 27. Nc4 Kg7 28. Ne3 Rf7 29. Rd8 Rff8 30. R8d2 Re6 31. Rd8 Ree8 32. R8d2 Re6 33. Bg3 Nf7 34. Bh4 Ng5 1/2-1/2

[Event "It (Men) Copenhagen DEN"]
[Site "?"]
[Date "2005.04.16"]
[Round "2"]
[White "Sasikiran Krishnan"]
[Black "Palo Davor"]
[Result "1/2-1/2"]
[WhiteElo "2642"]
[BlackElo "2525"]
[PlyCount "47"]
[EventDate "2005.??.??"]
[Source "www.chesslib.no"]
[SourceDate "2004.05.04"]

1. d4 Nf6 2. c4 e6 3. Nc3 Bb4 4. Bg5 c5 5. d5 d6 6. e3 exd5 7. cxd5 Nbd7 8. Bb5 Qa5 9. Bxd7+ Nxd7 10. Nge2 Ne5 11. O-O Bxc3 12. Nxc3 f6 13. Bf4 O-O 14. Ne4 Qd8 15. f3 Qe7 16. Qd2 b6 17. Bxe5 fxe5 18. b4 Bf5 19. Ng3 Bg6 20. bxc5 bxc5 21. e4 Rfb8 22. Rfb1 Qd8 23. Nf1 Rb6 24. Ne3 1/2-1/2

[Event "EUCup Moscow-ZSKA"]
[Site "Moscow"]
[Date "1990.??.??"]
[Round "?"]
[White "Bareev, Evgeny"]
[Black "Dautov, Rustem"]
[Result "1/2-1/2"]
[WhiteElo "2605"]
[BlackElo "2555"]
[PlyCount "86"]
[EventDate "1990.??.??"]
[Source "ChessBase"]

1. d4 Nf6 2. c4 e6 3. Nc3 Bb4 4. Bg5 c5 5. d5 d6 6. e3 exd5 7. cxd5 Nbd7 8. Bd3 Qa5 9. Nge2 Nxd5 10. O-O Bxc3 11. bxc3 c4 12. Bc2 O-O 13. Nd4 Nxc3 14. Qh5 Nf6 15. Qh4 Nce4 16. Bxe4 Nxe4 17. Be7 Re8 18. Qxe4 Qe5 19. Qc2 Qxe7 20. Qxc4 Be6 21. Qd3 Bd5 22. Rfe1 Rac8 23. Rad1 Bc4 24. Qa3 d5 25. Qb2 b5 26. a3 g6 27. Rd2 Qc5 28. Qb4 Qb6 29. Rb2 Rb8 30. Reb1 Rec8 31. h3 a5 32. Qd2 Qa6 33. Nf3 b4 34. axb4 a4 35. Nd4 a3 36. b5 Qd6 37. Rb4 a2 38. Ra1 Ra8 39. Qb2 Rcb8 40. Nc6 Rb6 41. Ne5 h5 42. Nxc4 dxc4 43. Rxc4 Qf6 1/2-1/2

[Event "15. European Team Championship"]
[Site "?"]
[Date "2005.07.30"]
[Round "1.14"]
[White "Azmaiparashvili Zurab"]
[Black "Hall Jesper"]
[Result "1/2-1/2"]
[WhiteElo "2672"]
[BlackElo "2487"]
[PlyCount "156"]
[EventDate "2005.??.??"]
[Source "www.chesslib.no"]
[SourceDate "2004.05.04"]

1. d4 Nf6 2. c4 e6 3. Nc3 Bb4 4. Bg5 c5 5. d5 d6 6. f3 h6 7. Bh4 Qe7 8. e4 Bxc3+ 9. bxc3 e5 10. Bd3 Nbd7 11. Ne2 g5 12. Bf2 Nh5 13. g3 Nf8 14. Nc1 Ng7 15. h4 Ng6 16. h5 Nf8 17. Nb3 Nh7 18. g4 O-O 19. Rb1 b6 20. Nd2 Qc7 21. Bc2 Bd7 22. Nf1 Rfb8 23. Ne3 f6 24. Ba4 Bxa4 25. Qxa4 Nf8 26. Qa6 Qb7 27. Qb5 Qc7 28. Ke2 Rb7 29. Rb2 Nd7 30. Rhb1 Kf7 31. Nc2 Ke7 32. Na3 Rc8 33. Nc2 Ra8 34. Na1 Rc8 35. Nb3 Rbb8 36. Qa6 Qb7 37. Qxb7 Rxb7 38. a4 Rbb8 39. a5 Ne8 40. Kd3 Kd8 41. Ra2 Rc7 42. Nd2 Kc8 43. Nf1 Kd8 44. Ne3 Ng7 45. Nc2 Ne8 46. Na3 Rcb7 47. axb6 axb6 48. Nb5 Ke7 49. Na7 Rxa7 50. Rxa7 Kd8 51. Rba1 Nc7 52. Be3 Kc8 53. Kc2 Rb7 54. R7a2 Rb8 55. Kb3 Rb7 56. Rf1 Rb8 57. Ra7 Rb7 58. Ra2 Rb8 59. Bc1 Kb7 60. Raf2 Rg8 61. Be3 Ra8 62. Rg1 Kc8 63. Rff1 Kb7 64. Ra1 Rxa1 65. Rxa1 Ne8 66. Bf2 Nc7 67. Kc2 Ne8 68. Bg3 Kb8 69. Kd3 Kb7 70. Ke3 Kb8 71. Kf2 Kb7 72. Kg2 Kb8 73. Bf2 Kb7 74. Be3 Kb8 75. Kg3 Kb7 76. Rf1 Kc7 77. Bc1 Kc8 78. Rf2 Kc7 1/2-1/2

[Event "ETCC"]
[Site "Crete GRE"]
[Date "2007.10.28"]
[Round "1"]
[White "Jianu, V."]
[Black "Asrian, K."]
[Result "1/2-1/2"]
[WhiteElo "2535"]
[BlackElo "2623"]
[PlyCount "52"]
[EventDate "2007.10.28"]
[Source "www.chesslib.no"]
[SourceDate "2004.05.04"]

1. d4 e6 2. c4 Nf6 3. Nc3 Bb4 4. Bg5 c5 5. d5 Bxc3+ 6. bxc3 d6 7. e3 e5 8. Qc2 Nbd7 9. Nf3 h6 10. Bh4 Qe7 11. Nd2 g5 12. Bg3 Nh5 13. Bd3 Kd8 14. O-O-O Kc7 15. f3 Nxg3 16. hxg3 Nf6 17. g4 Bd7 18. Rh2 h5 19. gxh5 Rxh5 20. Rxh5 Nxh5 21. g4 Nf6 22. Rh1 e4 23. Nxe4 Re8 24. Nxf6 Qxf6 25. Be4 Qe5 26. Kb2 Bxg4 1/2-1/2

[Event "Open Aeroflot"]
[Site "Mosca RUS"]
[Date "2007.02.16"]
[Round "3"]
[White "Li Shilong"]
[Black "Moiseenko, A1."]
[Result "1-0"]
[WhiteElo "2531"]
[BlackElo "2627"]
[PlyCount "53"]
[EventDate "2007.02.14"]
[Source "www.chesslib.no"]
[SourceDate "2004.05.04"]

1. d4 Nf6 2. c4 e6 3. Nc3 Bb4 4. Bg5 c5 5. d5 h6 6. Bh4 exd5 7. cxd5 d6 8. Qc2 O-O 9. O-O-O Re8 10. Nf3 a6 11. g4 Nbd7 12. g5 Bxc3 13. bxc3 hxg5 14. Nxg5 Qa5 15. Rg1 Ne5 16. Ne6 Nh5 17. Rg5 Bxe6 18. Rxh5 g6 19. dxe6 Rxe6 20. Bh3 gxh5 21. Bxe6 fxe6 22. f4 Nf7 23. Be7 Nh8 24. Rg1+ Kf7 25. Qh7+ Ke8 26. Rg8+ Kd7 27. Bd8+ 1-0

[Event "Hastings 7475"]
[Site "Hastings ENG"]
[Date "1974.??.??"]
[Round "15"]
[White "Planinec, Albin"]
[Black "Hort, Vlastimil"]
[Result "0-1"]
[WhiteElo "2545"]
[BlackElo "2600"]
[PlyCount "97"]
[EventDate "1974.12.??"]
[Source "www.chesslib.no"]
[SourceDate "2004.05.04"]

1. d4 Nf6 2. c4 e6 3. Nc3 Bb4 4. Bg5 h6 5. Bh4 c5 6. d5 Bxc3+ 7. bxc3 e5 8. Nf3 d6 9. e3 Bf5 10. Nd2 g5 11. Bg3 Nbd7 12. Be2 Qe7 13. O-O h5 14. f4 exf4 15. exf4 h4 16. Bf2 gxf4 17. Qa4 Kf8 18. Rae1 Ne5 19. Qd1 Nfd7 20. Nf3 Nxf3+ 21. Bxf3 Qg5 22. Kh1 Rg8 23. Re2 Rg6 24. h3 Ne5 25. Bg1 Nxc4 26. Rfe1 b6 27. Bh2 Ne5 28. Rf1 Re8 29. Qd2 Nxf3 30. Rxe8+ Kxe8 31. Rxf3 Be4 32. Qe2 Kf8 33. Rf2 Qxd5 34. Bxf4 Kg8 35. c4 Qd3 36. Qxd3 Bxd3 37. Rd2 Bxc4 38. Bxd6 Bxa2 39. Be5 Re6 40. Bc3 Bb3 41. Rd8+ Kh7 42. Rd7 Re3 43. Bb2 a5 44. Rb7 Bd5 45. Rxb6 Re1+ 46. Kh2 Re2 47. Kg1 Rxg2+ 48. Kf1 Rc2 49. Be5 0-1

[Event "Moscow ol (Men)"]
[Site "Moscow"]
[Date "1994.??.??"]
[Round "4"]
[White "Murshed, Niaz"]
[Black "Kortschnoj, Viktor"]
[Result "1/2-1/2"]
[WhiteElo "2520"]
[BlackElo "2615"]
[PlyCount "53"]
[EventDate "1994.11.??"]
[Source "ChessBase"]

1. d4 Nf6 2. c4 e6 3. Nc3 Bb4 4. Bg5 c5 5. d5 d6 6. e3 exd5 7. cxd5 Nbd7 8. Bb5 Qa5 9. Bxd7+ Nxd7 10. Nge2 f6 11. Bf4 Ne5 12. O-O O-O 13. Ne4 Qd8 14. Bxe5 fxe5 15. N2g3 Ba5 16. f4 exf4 17. exf4 Qe7 18. Qh5 g6 19. Qg5 Qg7 20. f5 Qd4+ 21. Kh1 Bxf5 22. Rxf5 Rxf5 23. Nxf5 Qxe4 24. Nxd6 Qd4 25. Nf5 Bd8 26. Nh6+ Kg7 27. Nf5+ 1/2-1/2